000
00259nam a2200109Ia 4500
008
190216s9999||||xx |||||||||||||| ||und||
100
_a
Mohan P
245
0
_a
Management Information Systems
260
_b
Sulthan Chand&Sons
_c
2003
300
_a
340p
942
_c
BK
999
_c
6505
_d
6505